[Event "Int. Stuttgarter Stadtmeisterschaft B"]
[Site "Ditzingen"]
[Date "2016.05.05"]
[Round "2.43"]
[White "Wagner, Dimitrij"]
[Black "Jünk, Stefan"]
[Result "0-1"]
[WhiteElo "1445"]
[BlackElo "1673"]
[PlyCount "88"]
[EventDate "2016.??.??"]
[WhiteTeam "SV Hülzweiler"]
[BlackTeam "SC Leinzell"]

1. e4 e5 2. Nf3 Nc6 3. Bc4 Nf6 4. Ng5 d5 5. exd5 Nd4 6. d6 Qxd6 7. Bxf7+ Ke7 8.
c3 Nc6 9. Bb3 Qd3 10. Bc2 Qa6 11. d3 h6 12. Ne4 Nxe4 13. dxe4 Be6 14. b3 Rd8
15. Qf3 Ke8 16. Be3 Be7 17. Nd2 Kd7 18. Qg3 Bf6 19. Rc1 Kc8 20. a4 Na5 21. c4
Nc6 22. O-O h5 23. Bd1 Nd4 24. f3 h4 25. Qe1 h3 26. g3 Be7 27. Nb1 c5 28. Nc3
Rdf8 29. Nd5 Bd8 30. b4 cxb4 31. Qxb4 Ba5 32. Qc5+ Kb8 33. Bxd4 Bxd5 34. Qxd5
exd4 35. c5 Bd2 36. Rc4 Be3+ 37. Kh1 Rd8 38. Qe5+ Ka8 39. Bb3 g5 40. c6 bxc6
41. Rb1 Rhf8 42. Rxc6 Qxc6 43. Bd5 Rxd5 44. exd5 Qc2 0-1

[Event "Int. Stuttgarter Stadtmeisterschaft B"]
[Site "Ditzingen"]
[Date "2016.05.05"]
[Round "2.44"]
[White "Hornung, Richard"]
[Black "Lechler, Walter"]
[Result "0-1"]
[WhiteElo "1662"]
[BlackElo "1557"]
[PlyCount "96"]
[EventDate "2016.??.??"]
[WhiteTeam "SG Schwabing München"]
[BlackTeam "SK Dinkelsbühl"]

1. Nf3 d5 2. b3 e6 3. Bb2 Nf6 4. d4 Be7 5. e3 O-O 6. Bd3 b6 7. O-O Bb7 8. Nbd2
Nbd7 9. c4 c5 10. cxd5 exd5 11. Rc1 Ne4 12. Ne5 Rc8 13. f3 Nxd2 14. Qxd2 Nxe5
15. dxe5 Qd7 16. Qc2 g6 17. Qb1 Rfd8 18. Qc2 d4 19. e4 a6 20. a4 a5 21. Qe2 Bf8
22. f4 Bg7 23. Rf3 Rc7 24. Bc4 Qe7 25. Re1 Bc8 26. h3 Be6 27. Bb5 Bd7 28. Bd3
Rf8 29. Bc1 Bh6 30. Qf2 Bg7 31. Bc4 Bc8 32. Ba3 Bb7 33. Bd5 Rd7 34. Rd1 Qd8 35.
e6 Rc7 36. exf7+ Kh8 37. Bxb7 Rxb7 38. f5 Bh6 39. Qg3 Rbxf7 40. fxg6 Rxf3 41.
gxf3 hxg6 42. Kg2 Qf6 43. Rd3 Bf4 44. Qg4 Rf7 45. Kf1 Kg7 46. Ke2 Qe5 47. h4
Be3 48. Bb2 Qh2+ 0-1

[Event "Int. Stuttgarter Stadtmeisterschaft B"]
[Site "Ditzingen"]
[Date "2016.05.05"]
[Round "2.45"]
[White "Herbst, Rudolf"]
[Black "Zou, Kuangda Konrad"]
[Result "0-1"]
[WhiteElo "1648"]
[BlackElo "1432"]
[PlyCount "52"]
[EventDate "2016.??.??"]
[WhiteTeam "SG Fasanenhof"]
[BlackTeam "SGem Vaihingen-Rohr"]

1. c4 c5 2. Nc3 Nc6 3. Nf3 Nf6 4. d4 cxd4 5. Nxd4 e6 6. g3 Bc5 7. Nxc6 bxc6 8.
Bg2 d5 9. cxd5 cxd5 10. O-O O-O 11. e3 Ba6 12. Re1 Rb8 13. b3 Bb4 14. Bb2 Rc8
15. Rc1 Qe7 16. e4 dxe4 17. Bxe4 Nxe4 18. Rxe4 Bb7 19. Re3 Bc5 20. Rd3 Qf6 21.
Qe1 Qf5 22. Rcd1 Qh3 23. Qf1 Qxf1+ 24. Kxf1 Ba6 25. Ne4 Bxd3+ 26. Rxd3 Bb6 0-1

[Event "Int. Stuttgarter Stadtmeisterschaft B"]
[Site "Ditzingen"]
[Date "2016.05.05"]
[Round "2.46"]
[White "Ziegler, Michael"]
[Black "Wagner, Herbert"]
[Result "1-0"]
[WhiteElo "1648"]
[BlackElo "1404"]
[PlyCount "88"]
[EventDate "2016.??.??"]
[WhiteTeam "SF Kornwestheim"]
[BlackTeam "SC Kreut"]

1. e4 e6 2. Nf3 d5 3. exd5 exd5 4. d4 Nc6 5. Bb5 Nf6 6. O-O Bd6 7. Re1+ Be6 8.
Ng5 Qd7 9. Nxe6 fxe6 10. Bxc6 bxc6 11. Qe2 O-O 12. Qxe6+ Qxe6 13. Rxe6 Rae8 14.
Rxe8 Rxe8 15. Bd2 Ne4 16. Ba5 c5 17. f3 Nf6 18. dxc5 Bxc5+ 19. Kf1 Rb8 20. b3
c6 21. Bd2 d4 22. Bf4 Re8 23. Nd2 Nd5 24. Bg5 h6 25. Ne4 Bb4 26. a3 Bc3 27.
Nxc3 dxc3 28. Bc1 a5 29. Kf2 g5 30. h4 Re5 31. hxg5 hxg5 32. g3 Kg7 33. f4 gxf4
34. Bxf4 Rf5 35. Kf3 Kf6 36. Rh1 Ke6 37. Rh6+ Rf6 38. Rh8 Nc7 39. Rc8 Kd7 40.
Rxc7+ Kd8 41. Ra7 Rf5 42. Ke4 Rd5 43. Rc7 Rd2 44. Rxc6 Rxc2 1-0

[Event "Int. Stuttgarter Stadtmeisterschaft B"]
[Site "Ditzingen"]
[Date "2016.05.05"]
[Round "2.47"]
[White "Hauger, Albrecht"]
[Black "Vuckovic, Nebojsa"]
[Result "0-1"]
[WhiteElo "1429"]
[BlackElo "1626"]
[PlyCount "112"]
[EventDate "2016.??.??"]
[WhiteTeam "SC Magstadt"]
[BlackTeam "SV Reutlingen"]

1. d4 Nf6 2. c4 d6 3. h3 c6 4. Nc3 Qc7 5. e4 e5 6. Nf3 Nbd7 7. Be2 Be7 8. Be3
h6 9. O-O Nf8 10. d5 Ng6 11. Nh2 O-O 12. Ng4 Kh7 13. Nxf6+ Bxf6 14. Bg4 Be7 15.
Bxc8 Qxc8 16. Ne2 f5 17. exf5 Rxf5 18. f4 exf4 19. Nxf4 Nxf4 20. Rxf4 Rxf4 21.
Bxf4 Qf5 22. Be3 Qe4 23. Qd4 Qxd4 24. Bxd4 c5 25. Bc3 Bh4 26. Rf1 Kg6 27. Rf3
Re8 28. g3 Bf6 29. Bxf6 gxf6 30. Kf2 Re4 31. b3 h5 32. Rf4 Re5 33. h4 f5 34. a4
b6 35. Rf3 Re4 36. Rf4 Re5 37. Rf3 Kf6 38. Rf4 Re4 39. Kf3 Ke5 40. Rxe4+ fxe4+
41. Ke3 Kf5 42. Kf2 Kg4 43. Ke3 Kxg3 44. Kxe4 Kg4 45. Ke3 Kxh4 46. Kf3 Kg5 47.
Kg3 h4+ 48. Kh3 a6 49. Kh2 Kg4 50. Kg2 h3+ 51. Kf2 Kf4 52. Kg1 Kg3 53. Kh1 h2
54. a5 bxa5 55. b4 cxb4 56. c5 b3 0-1

[Event "Int. Stuttgarter Stadtmeisterschaft B"]
[Site "Ditzingen"]
[Date "2016.05.05"]
[Round "2.48"]
[White "Herbst, Karin"]
[Black "Ungerer, Tobias"]
[Result "1/2-1/2"]
[WhiteElo "1601"]
[BlackElo "1333"]
[PlyCount "53"]
[EventDate "2016.??.??"]
[WhiteTeam "SG Fasanenhof"]
[BlackTeam "Schach-Kids Bernhausen"]

1. c4 c5 2. Nc3 d6 3. Nf3 Nf6 4. d4 Nbd7 5. Qc2 cxd4 6. Nxd4 e5 7. Nf5 Nb6 8.
e3 g6 9. Ng3 Bg7 10. Be2 O-O 11. O-O Be6 12. b3 Rc8 13. Bb2 d5 14. Rad1 Qe7 15.
cxd5 Nbxd5 16. Rc1 Nb4 17. Qb1 Nbd5 18. Rc2 Nxc3 19. Rxc3 Rxc3 20. Bxc3 Nd5 21.
Bb2 Rc8 22. Rc1 Rxc1+ 23. Qxc1 Nb4 24. Qa1 Nc6 25. Qc1 Qd7 26. Ne4 Qc8 27. Nd6
1/2-1/2

[Event "Int. Stuttgarter Stadtmeisterschaft B"]
[Site "Ditzingen"]
[Date "2016.05.05"]
[Round "2.50"]
[White "Pibernik, Dario"]
[Black "Michna, Marcus"]
[Result "0-1"]
[WhiteElo "1562"]
[BlackElo "1784"]
[PlyCount "68"]
[EventDate "2016.??.??"]
[WhiteTeam "SV Schorndorf"]
[BlackTeam "TSF Ditzingen"]

1. e4 e6 2. d4 d5 3. Nc3 Nf6 4. e5 Nfd7 5. Nf3 c5 6. Bg5 Qb6 7. Na4 Qa5+ 8. c3
cxd4 9. Nxd4 a6 10. Bd3 b5 11. Nxe6 Nxe5 12. Nxg7+ Bxg7 13. Bxh7 bxa4 14. Qc2
Be6 15. f4 Nc4 16. f5 Nxb2 17. O-O Qxc3 18. fxe6 Qxc2 19. exf7+ Kd7 20. Bxc2
Nc6 21. Rae1 Raf8 22. Bf5+ Kc7 23. Be6 Be5 24. h3 Kd6 25. Bg4 Rh7 26. h4 Rhxf7
27. Bh5 Bd4+ 28. Kh2 Rxf1 29. Rxf1 Rxf1 30. Bf3 Rxf3 31. gxf3 a3 32. h5 Nc4 33.
f4 Ke6 34. Kg3 Kf5 0-1

[Event "Int. Stuttgarter Stadtmeisterschaft B"]
[Site "Ditzingen"]
[Date "2016.05.05"]
[Round "2.51"]
[White "Schmedemann, Jörg"]
[Black "Lin, Jean-Claude"]
[Result "1-0"]
[WhiteElo "1633"]
[BlackElo "1347"]
[PlyCount "59"]
[EventDate "2016.??.??"]
[WhiteTeam "SSV Zuffenhausen"]
[BlackTeam "SC Sillenbuch"]

1. e4 c5 2. Nf3 Nc6 3. d4 cxd4 4. Nxd4 e5 5. Nb5 d6 6. N1c3 a6 7. Na3 b5 8. Nd5
Nf6 9. Nxf6+ Qxf6 10. c3 Be7 11. Be2 Bd7 12. Nc2 Qg6 13. Bf3 f5 14. Bh5 O-O-O
15. Bxg6 hxg6 16. exf5 gxf5 17. Ne3 Be6 18. Nd5 f4 19. Nxe7+ Nxe7 20. Qe2 Bd5
21. Bd2 Kc7 22. f3 g5 23. b3 Bc6 24. O-O-O Rhe8 25. c4 d5 26. Ba5+ Kd6 27. Bxd8
Rxd8 28. cxd5 Bb7 29. Rhe1 Ng6 30. Qe4 1-0

[Event "Int. Stuttgarter Stadtmeisterschaft B"]
[Site "Ditzingen"]
[Date "2016.05.05"]
[Round "2.52"]
[White "Funk, Christian"]
[Black "Krivoborodov, Vasily"]
[Result "0-1"]
[WhiteElo "1411"]
[BlackElo "1629"]
[PlyCount "111"]
[EventDate "2016.??.??"]
[WhiteTeam "Ssg Fils-Lauter"]

1. d4 d5 2. c4 c6 3. Nc3 Nf6 4. Nf3 e6 5. Bg5 Be7 6. e3 Nbd7 7. Bd3 dxc4 8.
Bxc4 Nd5 9. Bxe7 Qxe7 10. Nxd5 cxd5 11. Bb3 O-O 12. O-O b6 13. Qd3 a5 14. Bc2
g6 15. Rfc1 Ba6 16. Qd2 Rac8 17. Bd3 Bxd3 18. Qxd3 Qd6 19. Qa6 Qb8 20. Qb5 Qb7
21. a4 Rc7 22. b4 Rfc8 23. Rxc7 Qxc7 24. h3 axb4 25. Qxb4 Nf6 26. a5 bxa5 27.
Qxa5 Qxa5 28. Rxa5 Rc1+ 29. Kh2 Ne4 30. Ra2 Rf1 31. Nd2 Rxf2 32. Ra8+ Kg7 33.
Nxe4 dxe4 34. Ra3 Rd2 35. Kg3 Kf6 36. Kf4 Rxg2 37. Kxe4 Rh2 38. Kf4 Rxh3 39.
Kg4 Rh5 40. Ra1 Rd5 41. Rf1+ Ke7 42. Ra1 h5+ 43. Kh4 Kf6 44. Rf1+ Rf5 45. Re1
Rf2 46. Kg3 Rd2 47. Rf1+ Ke7 48. Rb1 g5 49. Rb7+ Kf6 50. Rb1 h4+ 51. Kg4 Kg6
52. Rf1 f5+ 53. Kf3 g4+ 54. Kf4 Re2 55. Rd1 Kf6 56. d5 0-1

[Event "Int. Stuttgarter Stadtmeisterschaft B"]
[Site "Ditzingen"]
[Date "2016.05.05"]
[Round "2.53"]
[White "Klüppel, Werner"]
[Black "Awiszus, Thomas"]
[Result "0-1"]
[WhiteElo "1392"]
[BlackElo "1611"]
[PlyCount "94"]
[EventDate "2016.??.??"]
[WhiteTeam "SC Pforzheim"]
[BlackTeam "SK Schmiden/Cannstatt"]

1. e4 e6 2. Nf3 c5 3. Nc3 Nc6 4. d4 cxd4 5. Nxd4 a6 6. Nf3 Qc7 7. Bd3 Be7 8.
O-O d6 9. Re1 Nf6 10. a3 O-O 11. Ne2 b5 12. b4 Bb7 13. Bb2 Rfd8 14. Ng3 Rac8
15. Rc1 Qb6 16. Qe2 Qc7 17. e5 dxe5 18. Nxe5 Nxe5 19. Bxe5 Qc6 20. Be4 Nxe4 21.
Qxe4 Qxe4 22. Nxe4 Rc4 23. Ng3 Rdc8 24. Re2 Bd5 25. Bb2 Bg5 26. Rd1 Rxc2 27.
Rxc2 Rxc2 28. Bd4 Rc1 29. Rxc1 Bxc1 30. Bc3 Bxa3 31. Ne2 f6 32. Nd4 Kf7 33. Nc2
Bc1 34. Kf1 e5 35. g3 Ke6 36. Ke1 g6 37. Kd1 Bh6 38. Ke2 f5 39. Ne1 e4 40. Nc2
Bc4+ 41. Ke1 Kd5 42. Na3 Bd3 43. Bd2 Bg7 44. Kd1 Bb2 45. Nc2 Bxc2+ 46. Kxc2 Bd4
47. Be1 Kc4 0-1

[Event "Int. Stuttgarter Stadtmeisterschaft B"]
[Site "Ditzingen"]
[Date "2016.05.05"]
[Round "2.54"]
[White "Bueble, Joschua"]
[Black "Dallinger, Moritz"]
[Result "1-0"]
[WhiteElo "1343"]
[BlackElo "1570"]
[PlyCount "69"]
[EventDate "2016.??.??"]
[WhiteTeam "SV Stockenhausen-Frommern"]
[BlackTeam "SV Stuttgart-Wolfbusch"]

1. d4 Nf6 2. c4 e6 3. Nc3 Bb4 4. Bd2 O-O 5. f3 d5 6. e3 b6 7. Bd3 Ba6 8. b3 c5
9. Nge2 Nc6 10. Na4 Bxd2+ 11. Qxd2 dxc4 12. Bxc4 Bxc4 13. bxc4 cxd4 14. exd4
Qd7 15. Nb2 Rfd8 16. Rd1 Rac8 17. O-O e5 18. d5 Na5 19. Rc1 e4 20. Ng3 Re8 21.
Qf4 exf3 22. Rxf3 b5 23. Nf5 Re4 24. Qd6 Nxc4 25. Nxc4 Rexc4 26. Rxc4 Rxc4 27.
Ne7+ Kh8 28. Rxf6 Rc1+ 29. Kf2 Rc2+ 30. Ke3 Qe8 31. Qe5 Qf8 32. Rc6 f6 33. Qe6
Rxc6 34. dxc6 Qd8 35. c7 1-0

[Event "Int. Stuttgarter Stadtmeisterschaft B"]
[Site "Ditzingen"]
[Date "2016.05.05"]
[Round "2.55"]
[White "Kayser, Florian"]
[Black "Old, Stefan"]
[Result "0-1"]
[WhiteElo "1295"]
[BlackElo "1605"]
[PlyCount "140"]
[EventDate "2016.??.??"]
[WhiteTeam "TSV/RSK Esslingen"]
[BlackTeam "SF Illingen"]

1. e4 c6 2. d4 d5 3. e5 Bf5 4. Nf3 e6 5. Be3 Nd7 6. c4 dxc4 7. Bxc4 b5 8. Be2
Bb4+ 9. Nc3 Ne7 10. O-O O-O 11. Rc1 Rc8 12. Nh4 Nb6 13. f4 a6 14. a3 Bxc3 15.
bxc3 Be4 16. Qd2 Nf5 17. Nxf5 Bxf5 18. Bf3 Nc4 19. Qf2 Qa5 20. g4 Bg6 21. Be2
Nxe3 22. Qxe3 f5 23. g5 Rfd8 24. c4 Qb6 25. c5 Qb7 26. Rfd1 a5 27. Qb3 Qd7 28.
h4 Bf7 29. Rc2 Rb8 30. Qh3 b4 31. a4 Rb7 32. Ba6 Ra7 33. Bc4 Bh5 34. Rdd2 Kf7
35. Qb3 Rc7 36. Kf2 Re8 37. Ke3 Qe7 38. Rc1 h6 39. Rg1 Bg4 40. Rh1 Rh8 41. g6+
Kxg6 42. Bxe6 h5 43. Bc4 Rd8 44. Kf2 Rcd7 45. d5 Qxc5+ 46. Kg3 cxd5 47. Bb5
Qc3+ 48. Qxc3 bxc3 49. Rd3 Rc7 50. Rc1 d4 51. e6 Rd6 52. Be8+ Kf6 53. Bd7 Ke7
54. Rb1 c2 55. Rb8 Rcxd7 56. Rc8 Rxe6 57. Rxc2 Re3+ 58. Rxe3+ dxe3 59. Rc5 Rd6
60. Rxa5 e2 61. Kf2 g6 62. Re5+ Kd7 63. a5 Rd1 64. a6 Rf1+ 65. Ke3 e1=Q+ 66.
Kd4 Qd2+ 67. Kc5 Rc1+ 68. Kb6 Qd4+ 69. Kb7 Rb1+ 70. Ka8 Bf3+ 0-1

[Event "Int. Stuttgarter Stadtmeisterschaft B"]
[Site "Ditzingen"]
[Date "2016.05.06"]
[Round "3.1"]
[White "Giebler, Kai"]
[Black "Kleih, Julian"]
[Result "0-1"]
[WhiteElo "1789"]
[BlackElo "1887"]
[PlyCount "106"]
[EventDate "2016.??.??"]
[WhiteTeam "TSF Ditzingen"]
[BlackTeam "SV Dettingen Erms"]

1. e4 c5 2. Nf3 Nc6 3. d4 cxd4 4. Nxd4 g6 5. Nc3 Bg7 6. Be3 Nf6 7. f3 O-O 8.
Qd2 d5 9. O-O-O dxe4 10. Nxc6 Qxd2+ 11. Bxd2 bxc6 12. Nxe4 Nxe4 13. fxe4 Bg4
14. Re1 Be6 15. c4 Rfd8 16. e5 Rd7 17. b3 Rad8 18. Bf4 Rd4 19. g3 h6 20. Bg2 g5
21. Be3 R4d7 22. Bc5 Rc8 23. Re3 a5 24. Rd1 Rb7 25. Kc2 a4 26. Bf3 Rcb8 27. Rb1
Bxc4 28. Bxc6 Bxb3+ 29. axb3 Rc7 30. bxa4 Rbc8 31. Kd2 Rxc6 32. Bxe7 Rc2+ 33.
Kd1 Rxh2 34. Bd6 Rcc2 35. Rc1 Rcd2+ 36. Ke1 Ra2 37. Kd1 Rad2+ 38. Ke1 Ra2 39.
Kd1 Rxa4 40. Rc8+ Kh7 41. Rc1 Raa2 42. Bb4 Kg6 43. e6 fxe6 44. Rxe6+ Kf5 45.
Re3 Bd4 46. Rf3+ Kg4 47. Rf7 Rh1+ 48. Be1 Bf2 49. Re7 Bxg3 50. Rc4+ Kh3 51. Rc1
g4 52. Re3 Rg1 53. Re6 h5 0-1

[Event "Int. Stuttgarter Stadtmeisterschaft B"]
[Site "Ditzingen"]
[Date "2016.05.06"]
[Round "3.3"]
[White "Shahisavandi, Abdollah"]
[Black "Schütz, Uwe"]
[Result "1-0"]
[WhiteElo "1848"]
[BlackElo "1726"]
[PlyCount "81"]
[EventDate "2016.??.??"]
[WhiteTeam "Karlsruher SF"]
[BlackTeam "SC Ostfildern"]

1. d4 d5 2. Nf3 Nf6 3. e3 Bf5 4. c4 c6 5. Qb3 Qb6 6. Nc3 Qxb3 7. axb3 e6 8. c5
Nbd7 9. b4 Be7 10. b5 O-O 11. b4 Ne4 12. Bb2 Bf6 13. Be2 Rfe8 14. O-O e5 15.
bxc6 bxc6 16. Rfe1 exd4 17. exd4 Reb8 18. Ra4 Nxc3 19. Bxc3 Re8 20. Kf1 Nb8 21.
Rea1 Re7 22. b5 cxb5 23. Bxb5 Bd7 24. Bxd7 Rxd7 25. Bd2 Nc6 26. Bf4 h6 27. Ke2
Rb7 28. Kd3 Re8 29. Re1 Rc8 30. Bd6 Nb4+ 31. Kc3 Nc6 32. Re2 g5 33. Ne1 Rd7 34.
Kd3 Rb7 35. Nc2 Rb3+ 36. Kd2 Rb2 37. Kc3 Rb7 38. Ne3 Rd7 39. Kd3 Be7 40. Nxd5
Rxd6 41. Nxe7+ 1-0

[Event "Int. Stuttgarter Stadtmeisterschaft B"]
[Site "Ditzingen"]
[Date "2016.05.06"]
[Round "3.4"]
[White "Michna, Marcus"]
[Black "Tönjes, Jürgen"]
[Result "0-1"]
[WhiteElo "1784"]
[BlackElo "1838"]
[PlyCount "58"]
[EventDate "2016.??.??"]
[WhiteTeam "TSF Ditzingen"]
[BlackTeam "SF Lilienthal"]

1. d4 d5 2. e4 dxe4 3. Nc3 Nf6 4. f3 exf3 5. Nxf3 c6 6. Bd3 Bg4 7. Be3 e6 8.
O-O Be7 9. h3 Bh5 10. Qd2 Nbd7 11. Rae1 Bxf3 12. Rxf3 O-O 13. Kh1 Nb6 14. a3
Nbd5 15. Bg5 Nxc3 16. bxc3 Ne4 17. Rxe4 Bxg5 18. Qe1 g6 19. h4 Be7 20. h5 Kg7
21. Ref4 Bd6 22. h6+ Kg8 23. Rf6 Qd7 24. Bc4 Rae8 25. a4 Bc7 26. Qf2 Bd8 27.
Re3 Qe7 28. Ref3 a6 29. Bxe6 fxe6 0-1

[Event "Int. Stuttgarter Stadtmeisterschaft B"]
[Site "Ditzingen"]
[Date "2016.05.06"]
[Round "3.5"]
[White "Longo, Massimo"]
[Black "Funk, Patrick"]
[Result "1-0"]
[WhiteElo "1719"]
[BlackElo "1793"]
[PlyCount "79"]
[EventDate "2016.??.??"]
[WhiteTeam "SK Gräfelfing"]
[BlackTeam "Mönchfelder SV"]

1. d4 c6 2. c4 d5 3. Nf3 Nf6 4. Nc3 Bf5 5. Qb3 Qb6 6. Qxb6 axb6 7. cxd5 Nxd5 8.
Nxd5 cxd5 9. e3 Nc6 10. Bb5 f6 11. O-O e6 12. Bd2 Bd6 13. Rfc1 Rc8 14. Nh4 Bg4
15. h3 Bh5 16. Rc2 g5 17. Nf3 Ke7 18. Rac1 Be8 19. a3 h5 20. Ne1 Bd7 21. Rc3 h4
22. Be2 Rcg8 23. Rb3 Bc7 24. Bb4+ Kd8 25. Nd3 f5 26. f3 e5 27. Nxe5 Nxe5 28.
dxe5 g4 29. hxg4 fxg4 30. f4 g3 31. Bf3 Bc6 32. Bxd5 h3 33. Bxg8 Bxg2 34. Rd3+
Ke8 35. Bd5 Bxd5 36. Rxd5 Bd8 37. e6 Rh6 38. e7 Bxe7 39. Re5 Rh7 40. Rxe7+ 1-0

[Event "Int. Stuttgarter Stadtmeisterschaft B"]
[Site "Ditzingen"]
[Date "2016.05.06"]
[Round "3.6"]
[White "Stuckel, Marc"]
[Black "Zimmermann, Tobias"]
[Result "1/2-1/2"]
[WhiteElo "1671"]
[BlackElo "1820"]
[PlyCount "69"]
[EventDate "2016.??.??"]
[WhiteTeam "SGem Vaihingen-Rohr"]
[BlackTeam "SC Botnang"]

1. Nf3 c5 2. c4 b6 3. g3 Bb7 4. Bg2 e6 5. O-O Nf6 6. Nc3 a6 7. b3 Be7 8. Bb2
O-O 9. e3 d5 10. cxd5 Nxd5 11. Nxd5 Bxd5 12. Qc2 Bf6 13. d4 Nd7 14. e4 Bb7 15.
e5 Be7 16. Rfd1 Rc8 17. Qe2 b5 18. Rac1 Bd5 19. dxc5 Bxc5 20. Nd2 Nb6 21. Ne4
Be7 22. Nc3 Qd7 23. Rd3 Qb7 24. Nxd5 Rxc1+ 25. Bxc1 Nxd5 26. Qd1 Rd8 27. Bxd5
Rxd5 28. Rxd5 Qxd5 29. Qxd5 exd5 30. Be3 Kf8 31. Kf1 Ke8 32. Ke2 Kd7 33. Kd3
Kc6 34. f4 g6 35. g4 1/2-1/2

[Event "Int. Stuttgarter Stadtmeisterschaft B"]
[Site "Ditzingen"]
[Date "2016.05.06"]
[Round "3.7"]
[White "Rudhart, Michael"]
[Black "Löchel, Günter"]
[Result "0-1"]
[WhiteElo "1890"]
[BlackElo "1744"]
[PlyCount "124"]
[EventDate "2016.??.??"]
[WhiteTeam "DJK Stuttgart-Süd"]
[BlackTeam "SC Kreut"]

1. d4 Nf6 2. c4 g6 3. Nc3 Bg7 4. e4 d6 5. f3 O-O 6. Be3 b6 7. Qd2 c5 8. d5 a6
9. g4 e5 10. h4 h5 11. gxh5 Nxh5 12. Nge2 f5 13. exf5 Bxf5 14. O-O-O b5 15. b3
Qa5 16. Ne4 Qa3+ 17. Qb2 Qxb2+ 18. Kxb2 Bxe4 19. fxe4 Nd7 20. cxb5 axb5 21. Bg2
Ndf6 22. Rdf1 Ng4 23. Bg1 Rxf1 24. Bxf1 Rf8 25. Bg2 Nf2 26. Rh2 Bh6 27. Nc3 Bf4
28. Nxb5 Bxh2 29. Bxh2 Nxe4 30. Bxe4 Rf2+ 31. Ka3 Rxh2 32. Bxg6 Rxh4 33. Bxh5
Rxh5 34. Nxd6 Kf8 35. Ne4 Ke7 36. Nxc5 Kd6 37. Ne4+ Kc7 38. b4 Rh4 39. Nc3 e4
40. Kb3 e3 41. a4 Re4 42. d6+ Kd8 43. Ne2 Kd7 44. Kc3 Kxd6 45. Ng3 Rf4 46. Kd3
Rxb4 47. Kxe3 Rxa4 48. Ne4+ Ke5 49. Nc3 Rh4 50. Kd3 Rd4+ 51. Kc2 Rd8 52. Kb3
Rc8 53. Nb5 Kd5 54. Kb4 Rb8 55. Ka5 Kc5 56. Nc7 Kc6 57. Ne6 Rb5+ 58. Ka4 Rd5
59. Kb4 Kd6 60. Nd8 Rd1 61. Kc4 Rc1+ 62. Kd4 Rc7 0-1

[Event "Int. Stuttgarter Stadtmeisterschaft B"]
[Site "Ditzingen"]
[Date "2016.05.06"]
[Round "3.8"]
[White "Zaytsev, Evgeny"]
[Black "Paschmann, Stefan"]
[Result "0-1"]
[WhiteElo "1723"]
[BlackElo "1869"]
[PlyCount "61"]
[EventDate "2016.??.??"]
[WhiteTeam "Stuttgarter SF"]
[BlackTeam "Krefelder SK Turm"]

1. d4 d5 2. Nf3 Nf6 3. g3 Bf5 4. Bg2 c6 5. O-O e6 6. Bg5 Be7 7. Bxf6 Bxf6 8.
Nbd2 Nd7 9. c3 O-O 10. Re1 Qb6 11. Qc1 e5 12. e4 dxe4 13. Nxe5 Bxe5 14. Nc4 Qb5
15. Na3 Qd5 16. dxe5 Nxe5 17. Rd1 Qe6 18. Nc2 Nd3 19. Nd4 Nxc1 20. Nxe6 Ne2+
21. Kf1 Bxe6 22. Kxe2 Bg4+ 23. Ke3 Bxd1 24. Rxd1 Rad8 25. Re1 Rd6 26. Bxe4 Rfd8
27. Re2 g6 28. h4 Kg7 29. Rc2 Rd1 30. b4 Re1+ 31. Kf4 0-1

[Event "Int. Stuttgarter Stadtmeisterschaft B"]
[Site "Ditzingen"]
[Date "2016.05.06"]
[Round "3.9"]
[White "Helmich, Jörg"]
[Black "Jäger, Hans-Ulrich"]
[Result "0-1"]
[WhiteElo "1700"]
[BlackElo "1855"]
[PlyCount "90"]
[EventDate "2016.??.??"]
[WhiteTeam "Regensburger Turnerschaft"]
[BlackTeam "SC Sillenbuch"]

1. e4 e5 2. f4 exf4 3. Nf3 d6 4. Bc4 Nc6 5. O-O g5 6. d4 Bg7 7. c3 h6 8. g3 Bh3
9. Re1 fxg3 10. hxg3 Qd7 11. Be3 Nge7 12. Nbd2 Ng6 13. Qc2 O-O 14. Rad1 Rae8
15. Bf2 Bg4 16. Be2 a6 17. Nh2 Bxe2 18. Rxe2 b5 19. Ndf3 Qh3 20. Kh1 Qd7 21. e5
dxe5 22. dxe5 Qe6 23. Bd4 Rd8 24. Rde1 Rfe8 25. Qe4 Qd5 26. Qxd5 Rxd5 27. Ng4
Nxd4 28. cxd4 Re6 29. Ne3 Rd7 30. Ng4 c6 31. Kg2 Ne7 32. Nf6+ Bxf6 33. exf6
Rxe2+ 34. Rxe2 Nf5 35. Re8+ Kh7 36. Rf8 Ne3+ 37. Kg1 Ng4 38. Ne5 Nxe5 39. dxe5
h5 40. Kf2 Kg6 41. Ke3 Kf5 42. Re8 Rd5 43. Re7 Rxe5+ 44. Kd4 c5+ 45. Kd3 Kxf6
0-1

[Event "Int. Stuttgarter Stadtmeisterschaft B"]
[Site "Ditzingen"]
[Date "2016.05.06"]
[Round "3.10"]
[White "Kozina, Vinko"]
[Black "Gheng, Christian"]
[Result "1-0"]
[WhiteElo "1855"]
[BlackElo "1740"]
[PlyCount "45"]
[EventDate "2016.??.??"]
[WhiteTeam "TSV/RSK Esslingen"]
[BlackTeam "Schach-Kids Bernhausen"]

1. Nf3 c5 2. b3 Nf6 3. Bb2 e6 4. e3 d5 5. Be2 Bd6 6. O-O O-O 7. d4 b6 8. Ne5
Bb7 9. Nd2 Nc6 10. f4 Nd7 11. Rf3 f6 12. Nxc6 Bxc6 13. Rh3 e5 14. c4 exd4 15.
cxd5 Bxd5 16. Bc4 Bxc4 17. Nxc4 Bc7 18. Qh5 h6 19. Qd5+ Kh8 20. Rd1 Nb8 21.
Qxa8 b5 22. Na3 a6 23. Qf3 1-0

[Event "Int. Stuttgarter Stadtmeisterschaft B"]
[Site "Ditzingen"]
[Date "2016.05.06"]
[Round "3.11"]
[White "Handel, Oliver"]
[Black "Kelemen, Norbert"]
[Result "1-0"]
[WhiteElo "1854"]
[BlackElo "1700"]
[PlyCount "73"]
[EventDate "2016.??.??"]
[WhiteTeam "SF Kornwestheim"]
[BlackTeam "SC Weiße Dame Ulm"]

1. e4 c5 2. Nf3 d6 3. d4 cxd4 4. Nxd4 Nf6 5. Nc3 a6 6. Be2 e5 7. Nb3 Be7 8. a4
Be6 9. O-O O-O 10. Be3 Qc7 11. Qd2 Nbd7 12. f4 Rad8 13. Nd5 Bxd5 14. exd5 Nb6
15. Bxb6 Qxb6+ 16. Kh1 Ne4 17. Qe1 Nc5 18. a5 Qc7 19. Nd2 Bf6 20. Nc4 Rfe8 21.
b4 Nd7 22. Ra3 e4 23. Qd2 g6 24. Ne3 Rc8 25. c4 Bg7 26. g4 Rf8 27. g5 f5 28. h4
h5 29. Nd1 Ra8 30. Qe3 Rfc8 31. Nc3 Bxc3 32. Rxc3 b5 33. Rfc1 bxc4 34. Rxc4 Qb7
35. Qd4 Kf7 36. Rc6 Qa7 37. Qxa7 1-0

[Event "Int. Stuttgarter Stadtmeisterschaft B"]
[Site "Ditzingen"]
[Date "2016.05.06"]
[Round "3.12"]
[White "Mayer, Dietmar"]
[Black "Rühl, Volker"]
[Result "1/2-1/2"]
[WhiteElo "1662"]
[BlackElo "1830"]
[PlyCount "105"]
[EventDate "2016.??.??"]
[WhiteTeam "SC Böblingen"]
[BlackTeam "VfL Sindelfingen"]

1. c4 e5 2. g3 f5 3. d3 Nf6 4. Bg2 c6 5. Nc3 Be7 6. Nf3 d6 7. b4 O-O 8. a4 Kh8
9. b5 Be6 10. a5 a6 11. bxc6 Nxc6 12. Qa4 d5 13. Ng5 Bg8 14. Ba3 Bxa3 15. Rxa3
h6 16. h4 Qd6 17. cxd5 Nxd5 18. Nf3 Rad8 19. g4 Nf4 20. Rg1 fxg4 21. Ne4 Qb4+
22. Nfd2 Qb2 23. Rc3 Nxg2+ 24. Rxg2 h5 25. Rc2 Qb5 26. Qxb5 axb5 27. Nd6 Rb8
28. Nxb5 Nxa5 29. f3 gxf3 30. Nxf3 Nc6 31. Rg5 g6 32. Rxg6 Bh7 33. Rg5 Rf5 34.
Rc5 Re8 35. Rxf5 Bxf5 36. d4 Bg4 37. Nxe5 Nxe5 38. Rxe5 Rxe5 39. dxe5 Kg7 40.
Kf2 Kf8 41. e4 Ke7 42. Ke3 Ke6 43. Kf4 Bd1 44. Nd4+ Kf7 45. e6+ Kf6 46. e5+ Ke7
47. Ke4 Ba4 48. Kf4 Be8 49. Kg5 b5 50. Nxb5 Bxb5 51. Kxh5 Kxe6 52. Kg6 Bd3+ 53.
Kg7 1/2-1/2

[Event "Int. Stuttgarter Stadtmeisterschaft B"]
[Site "Ditzingen"]
[Date "2016.05.06"]
[Round "3.13"]
[White "Häfele, Torsten"]
[Black "Wachtel, Arthur"]
[Result "1/2-1/2"]
[WhiteElo "1825"]
[BlackElo "1706"]
[PlyCount "71"]
[EventDate "2016.??.??"]
[WhiteTeam "SF Illingen"]
[BlackTeam "SK Freising"]

1. e4 e6 2. d4 d5 3. e5 c5 4. c3 Nc6 5. Nf3 Nh6 6. dxc5 Bxc5 7. b4 Bf8 8. Bd3
f6 9. exf6 Qxf6 10. Bg5 Qf7 11. O-O Qc7 12. Na3 a6 13. Rc1 Nf7 14. Bh4 Bd6 15.
Bg3 O-O 16. Bxd6 Qxd6 17. Qc2 h6 18. Bh7+ Kh8 19. Nh4 Ne7 20. Ng6+ Nxg6 21.
Bxg6 e5 22. f3 Ng5 23. Bd3 Ne6 24. Bf5 Nf4 25. Bxc8 Raxc8 26. Qd2 Rfd8 27. Rfd1
Qg6 28. Nc2 Rxc3 29. Ne1 Rxc1 30. Rxc1 Qd6 31. g3 Ne6 32. a3 Nd4 33. Qe3 Nf5
34. Qd3 Qb6+ 35. Kh1 Ne3 36. Rc5 1/2-1/2